[Event "Top 16 Port Marly"]
[Site "Le Port Marly"]
[Date "2009.05.30"]
[Round "10.2"]
[White "Rozentalis, Eduardas"]
[Black "Delchev, Aleksander"]
[Result "1/2-1/2"]
[WhiteElo "2595"]
[BlackElo "2648"]
[PlyCount "125"]
[EventDate "30.??.??"]
[WhiteTeam "Strasbourg"]
[BlackTeam "Marseille Echecs"]

1. e4 e5 2. Nf3 Nc6 3. Bb5 Nf6 4. Nc3 Nd4 5. Bc4 d6 6. h3 c6 7. a4 g6 8. d3 Bg7
9. Ba2 O-O 10. O-O Nxf3+ 11. Qxf3 Nh5 12. Ne2 Be6 13. g4 Bxa2 14. Rxa2 Nf6 15.
Ng3 Nd7 16. Ra1 Nc5 17. Kh2 Ne6 18. c3 d5 19. Rg1 Nc5 20. Nf5 gxf5 21. gxf5 Kh8
22. Be3 Nd7 23. Qh5 Bf6 24. Bh6 Qe7 25. Bxf8 Rxf8 26. Qg4 h6 27. h4 Kh7 28. Rg3
Bh8 29. Rag1 Nf6 30. Qf3 dxe4 31. dxe4 Rg8 32. Rd1 Rxg3 33. fxg3 h5 34. Kg2 Bg7
35. Qd3 a5 36. Qd6 Bf8 37. Qxe7 Bxe7 38. Kf3 Kg7 39. Rd2 Kf8 40. b4 axb4 41.
cxb4 Ke8 42. b5 cxb5 43. axb5 b6 44. Ra2 Kf8 45. Ra8+ Kg7 46. Rb8 Bc5 47. Rc8
Bd4 48. Rd8 Ng4 49. Ke2 Bf2 50. Kf3 Bc5 51. Rc8 Nf6 52. Ra8 Bg1 53. Rb8 Bd4 54.
Rd8 Bc3 55. Rd6 Ba5 56. Rd8 Bb4 57. Rb8 Bc5 58. Rc8 Ng4 59. Ke2 Bf2 60. Rb8 Bd4
61. Rd8 Kf6 62. Rh8 Kg7 63. Rd8 1/2-1/2

[Event "Top 16 Port Marly"]
[Site "Le Port Marly"]
[Date "2009.05.30"]
[Round "10.3"]
[White "Gozzoli, Yannick"]
[Black "Vaisser, Anatoly"]
[Result "1/2-1/2"]
[WhiteElo "2499"]
[BlackElo "2513"]
[PlyCount "28"]
[EventDate "30.??.??"]
[WhiteTeam "Marseille Echecs"]
[BlackTeam "Strasbourg"]

1. d4 d5 2. c4 c6 3. cxd5 cxd5 4. Nc3 Nf6 5. Bf4 Nc6 6. e3 a6 7. Nf3 Bg4 8. Be2
Bxf3 9. Bxf3 e6 10. O-O Bd6 11. Bxd6 Qxd6 12. Rc1 O-O 13. Na4 Nd7 14. Nc5 Nxc5
1/2-1/2

[Event "Top 16 Port Marly"]
[Site "Le Port Marly"]
[Date "2009.05.30"]
[Round "10.4"]
[White "Roos, Daniel"]
[Black "Degraeve, Jean-Marc"]
[Result "1/2-1/2"]
[WhiteElo "2425"]
[BlackElo "2558"]
[PlyCount "44"]
[EventDate "30.??.??"]
[WhiteTeam "Strasbourg"]
[BlackTeam "Marseille Echecs"]

1. Nf3 g6 2. e4 c5 3. Nc3 Bg7 4. d4 cxd4 5. Nxd4 Nc6 6. Nb3 Nf6 7. Be2 O-O 8.
O-O d6 9. Re1 a5 10. a4 Be6 11. Bf1 Rc8 12. Nd5 Bxd5 13. exd5 Nb4 14. c4 Nd7
15. Bd2 Bxb2 16. Rb1 Bf6 17. Nxa5 Qxa5 18. Rxb4 Nc5 19. g3 Ra8 20. Rxb7 Qxa4
21. Qxa4 Rxa4 22. Rc7 Rfa8 1/2-1/2

[Event "Top 16 Port Marly"]
[Site "Le Port Marly"]
[Date "30.05.30"]
[Round "10.6"]
[White "Roos, Jean-Luc"]
[Black "Marzolo, Cyril"]
[Result "1/2-1/2"]
[WhiteElo "2273"]
[BlackElo "2476"]
[PlyCount "51"]
[EventDate "30.??.??"]
[WhiteTeam "Strasbourg"]
[BlackTeam "Marseille Echecs"]

1. d4 Nf6 2. c4 c5 3. d5 e6 4. Nc3 exd5 5. cxd5 d6 6. h3 g6 7. e4 Bg7 8. Nf3 a6
9. a4 Nbd7 10. Bg5 h6 11. Be3 Qe7 12. Bd3 Nh5 13. O-O g5 14. Rb1 Nf4 15. Bc2
Ne5 16. Nxe5 Bxe5 17. Ne2 Bxh3 18. gxh3 Qd7 19. Ng3 Qxh3 20. Qf3 h5 21. Qh1 Qg4
22. Bd1 Nh3+ 23. Kg2 Nf4+ 24. Kg1 Nh3+ 25. Kg2 Nf4+ 26. Kg1 1/2-1/2

[Event "Top 16 Port Marly"]
[Site "Le Port Marly"]
[Date "2009.05.30"]
[Round "10.1"]
[White "Komarov, Dimitri"]
[Black "Svetushkin, Dmitry"]
[Result "1/2-1/2"]
[WhiteElo "2530"]
[BlackElo "2615"]
[PlyCount "27"]
[EventDate "30.??.??"]
[WhiteTeam "Drancy"]
[BlackTeam "Metz Fischer"]

1. d4 d5 2. c4 c6 3. Nf3 Nf6 4. cxd5 cxd5 5. Nc3 Nc6 6. Bf4 e6 7. e3 Be7 8. Bd3
Nh5 9. Be5 f6 10. Bg3 f5 11. Be5 Nf6 12. O-O Nxe5 13. Nxe5 O-O 14. a4 1/2-1/2

[Event "Top 16 Port Marly"]
[Site "Le Port Marly"]
[Date "2009.05.30"]
[Round "10.2"]
[White "Postny, Evgeny"]
[Black "Legky, Nikolay A"]
[Result "1/2-1/2"]
[WhiteElo "2648"]
[BlackElo "2468"]
[Annotator ",Jordi"]
[PlyCount "66"]
[EventDate "30.??.??"]
[WhiteTeam "Metz Fischer"]
[BlackTeam "Drancy"]

1. d4 Nf6 2. c4 e6 3. Nf3 d5 4. g3 c5 5. Bg2 Nc6 6. O-O Be7 7. Nc3 O-O 8. cxd5
exd5 9. Bg5 Be6 10. dxc5 Bxc5 11. Rc1 Be7 12. Nd4 h6 13. Bf4 Qd7 14. Nxe6 fxe6
15. Bh3 Rad8 16. e4 Kh8 17. exd5 Nxd5 18. Nxd5 Qxd5 19. Qxd5 exd5 20. Bc7 Ra8
21. Rfd1 Bf6 22. b3 d4 23. a3 Rf7 24. Bd6 Be7 25. Bxe7 Rxe7 26. b4 Rae8 27. Bg2
Rf8 28. f4 Rd8 29. Rd3 Red7 30. Re1 a5 31. bxa5 Nxa5 32. Be4 g5 33. fxg5 hxg5 {
Illisible. Nulle 42 coups.} 1/2-1/2

[Event "Top 16 Port Marly"]
[Site "Le Port Marly"]
[Date "2009.05.30"]
[Round "10.4"]
[White "Neiman, Emmanuel"]
[Black "Todorov, Todor"]
[Result "0-1"]
[WhiteElo "2355"]
[BlackElo "2503"]
[PlyCount "132"]
[EventDate "30.??.??"]
[WhiteTeam "Metz Fischer"]
[BlackTeam "Drancy"]

1. d4 g6 2. c4 Bg7 3. Nc3 d6 4. Nf3 Nf6 5. Bg5 O-O 6. e3 Nbd7 7. Be2 b6 8. O-O
Bb7 9. Nd2 e6 10. e4 a6 11. f4 h6 12. Bh4 g5 13. fxg5 Nh7 14. Bf2 Nxg5 15. Be3
c5 16. d5 Qe7 17. Nf3 Nxe4 18. Nxe4 exd5 19. Nh4 Qxe4 20. Nf5 d4 21. Bf3 Qxf5
22. Bxb7 Qe6 23. Bf4 Rae8 24. Qh5 Kh7 25. Rae1 Qxe1 26. Rxe1 Rxe1+ 27. Kf2 Re6
28. Be4+ Kg8 29. Qf5 Nf6 30. Bd3 Rfe8 31. g4 Ne4+ 32. Kg2 Kf8 33. Qd5 Nf6 34.
Qf5 Ng8 35. Qd5 Be5 36. Bd2 Kg7 37. Qf3 Bf6 38. Bf4 Be5 39. Bd2 Bf6 40. Bf4 Bg5
41. Bg3 Rf6 42. Qd1 Re3 43. Bf5 Ne7 44. h4 Rxf5 45. gxf5 Nxf5 46. Bf2 Nxh4+ 47.
Kh1 Re6 48. b4 Ng6 49. b5 axb5 50. cxb5 Be3 51. Bg3 c4 52. a4 d3 53. Qa1+ Kh7
54. Qf1 Kg8 55. Qf3 d2 56. Qa8+ Kg7 57. Qd5 c3 58. Qd3 Ne5 59. Bxe5+ Rxe5 60.
Kg2 Bc5 61. a5 bxa5 62. b6 Bxb6 63. Qxd6 Bc7 64. Qxc7 Rg5+ 65. Kf2 d1=Q 66.
Qxc3+ Kh7 0-1

[Event "Top 16 Port Marly"]
[Site "Le Port Marly"]
[Date "2009.05.30"]
[Round "10.6"]
[White "Pucher, Olivier"]
[Black "Giffard, Nicolas"]
[Result "1-0"]
[WhiteElo "2313"]
[BlackElo "2377"]
[PlyCount "69"]
[EventDate "30.??.??"]
[WhiteTeam "Metz Fischer"]
[BlackTeam "Drancy"]

1. d4 Nf6 2. c4 e6 3. Nc3 Bb4 4. e3 O-O 5. Nge2 d5 6. a3 Be7 7. cxd5 exd5 8. b4
Re8 9. Ng3 g6 10. Bd3 h5 11. h3 Nbd7 12. O-O Nf8 13. b5 h4 14. Nge2 Nh5 15. a4
Be6 16. e4 dxe4 17. Bxe4 Bc8 18. Bf3 Ng7 19. Nd5 Bd6 20. Nec3 Nh7 21. Ne4 Ne6
22. Nxd6 Qxd6 23. Re1 a6 24. Bf4 Qd8 25. Rc1 axb5 26. axb5 c6 27. bxc6 bxc6 28.
Rxc6 Bd7 29. Rd6 Nxf4 30. Nxf4 Qa5 31. Re5 Rxe5 32. dxe5 Ba4 33. Qd5 Qe1+ 34.
Kh2 Ra5 35. Rxg6+ 1-0

[Event "Top 16 Port Marly"]
[Site "Le Port Marly"]
[Date "2009.05.30"]
[Round "10.8"]
[White "Leclair, Marie"]
[Black "Lefevre, Margaux"]
[Result "1/2-1/2"]
[WhiteElo "1987"]
[BlackElo "2021"]
[PlyCount "55"]
[EventDate "30.??.??"]
[WhiteTeam "Metz Fischer"]
[BlackTeam "Drancy"]

1. e4 c5 2. Nf3 Nc6 3. d4 cxd4 4. Nxd4 Nf6 5. Nc3 d6 6. Be2 e5 7. Nb3 Be7 8.
O-O O-O 9. f4 a5 10. a4 Nb4 11. Kh1 exf4 12. Bxf4 d5 13. e5 Ne4 14. Nxe4 dxe4
15. Nd4 Bc5 16. c3 Bxd4 17. cxd4 Be6 18. Ra3 Rc8 19. Rg3 Kh8 20. Bg5 Qb6 21.
Be7 Rfe8 22. Bc5 Rxc5 23. dxc5 Qxc5 24. Bb5 Ra8 25. Qd6 Qc2 26. Qe7 Qc8 27. Qg5
Qf8 28. Re3 1/2-1/2

[Event "Top 16 Port Marly"]
[Site "Le Port Marly"]
[Date "2009.05.30"]
[Round "10.1"]
[White "David, Alberto"]
[Black "Colovic, Aleksandar"]
[Result "1-0"]
[WhiteElo "2587"]
[BlackElo "2443"]
[PlyCount "59"]
[EventDate "30.??.??"]
[WhiteTeam "Lutèce Echecs"]
[BlackTeam "Grasse"]

1. e4 e5 2. Nf3 Nc6 3. Bb5 a6 4. Ba4 Nf6 5. d3 b5 6. Bb3 Bc5 7. a4 Rb8 8. axb5
axb5 9. c3 d6 10. O-O h6 11. Na3 O-O 12. Nc2 Bb6 13. Be3 d5 14. Bxb6 Rxb6 15.
Re1 Re8 16. exd5 Nxd5 17. d4 e4 18. Nd2 Nf6 19. f3 exf3 20. Rxe8+ Qxe8 21. Qxf3
Bg4 22. Qf4 Qd7 23. Nf3 Bxf3 24. Qxf3 Rb8 25. Ne3 Ne7 26. Rf1 c6 27. Qg3 Ra8
28. Rxf6 Ra1+ 29. Rf1 Rxf1+ 30. Kxf1 1-0

[Event "Top 16 Port Marly"]
[Site "Le Port Marly"]
[Date "2009.05.30"]
[Round "10.2"]
[White "Eliet, Nicolas"]
[Black "Shirazi, Kamran"]
[Result "1-0"]
[WhiteElo "2429"]
[BlackElo "2404"]
[PlyCount "75"]
[EventDate "30.??.??"]
[WhiteTeam "Grasse"]
[BlackTeam "Lutèce Echecs"]

1. d4 Nf6 2. c4 e6 3. Nc3 c5 4. d5 exd5 5. cxd5 d6 6. e4 Be7 7. h3 O-O 8. Nf3
Re8 9. Bd3 Bf8 10. O-O a6 11. a4 c4 12. Bc2 Nbd7 13. Be3 Qc7 14. a5 Ne5 15.
Nxe5 dxe5 16. Bb6 Qd6 17. Qe2 Nd7 18. Be3 b5 19. axb6 Nxb6 20. f4 exf4 21. Rxf4
Nd7 22. Ba4 Rb8 23. Raf1 f6 24. Bd4 Re7 25. Bxd7 Bxd7 26. Qf2 Re5 27. Qg3 Rg5
28. Qf3 Rxb2 29. e5 Rgxg2+ 30. Qxg2 Rxg2+ 31. Kxg2 Qb8 32. exf6 Bd6 33. R4f3 g6
34. f7+ Kf8 35. Re1 Qc7 36. Ne4 Bf5 37. Ng5 Be7 38. Rxf5 1-0

[Event "Top 16 Port Marly"]
[Site "Le Port Marly"]
[Date "30.05.30"]
[Round "10.3"]
[White "Pira, Davoud"]
[Black "Karim, Ismael"]
[Result "0-1"]
[WhiteElo "2388"]
[BlackElo "2410"]
[PlyCount "74"]
[EventDate "30.??.??"]
[WhiteTeam "Lutèce Echecs"]
[BlackTeam "Grasse"]

1. d4 Nf6 2. Nf3 d5 3. c4 e6 4. Nc3 c6 5. Bg5 Nbd7 6. e3 Qa5 7. Bxf6 Nxf6 8.
Bd3 dxc4 9. Bxc4 Be7 10. O-O O-O 11. e4 Rd8 12. Qe2 b5 13. Bd3 b4 14. Nb1 c5
15. e5 Nd5 16. Qe4 g6 17. Nbd2 Bb7 18. Qg4 Ba6 19. Nb3 Qa4 20. Bxa6 Qxa6 21.
Nxc5 Bxc5 22. dxc5 Qe2 23. Rab1 Rac8 24. Rfc1 Rxc5 25. Rxc5 Nc3 26. Re1 Rd1 27.
h3 Rxe1+ 28. Nxe1 Qxe1+ 29. Kh2 Ne2 30. Rc1 Nxc1 31. Qd4 Kg7 32. f4 Ne2 33. Qe3
Qd1 34. Qxa7 Nxf4 35. Qe3 Nd5 36. Qf2 Qd3 37. Qe1 Qa6 0-1

[Event "Top 16 Port Marly"]
[Site "Le Port Marly"]
[Date "2009.05.30"]
[Round "10.5"]
[White "Maleki, Nicolas"]
[Black "Shoker, Samy"]
[Result "0-1"]
[WhiteElo "2175"]
[BlackElo "2404"]
[PlyCount "76"]
[EventDate "30.??.??"]
[WhiteTeam "Lutèce Echecs"]
[BlackTeam "Grasse"]

1. d4 g6 2. c4 Bg7 3. Nc3 d6 4. Nf3 Nd7 5. Bg5 c6 6. e3 Ngf6 7. Be2 O-O 8. O-O
h6 9. Bh4 g5 10. Bg3 Nh5 11. Qc2 f5 12. Bd3 Nxg3 13. hxg3 e6 14. Rfd1 Qf6 15.
Bf1 e5 16. dxe5 dxe5 17. Rac1 h5 18. e4 Nc5 19. b4 Nxe4 20. Nxe4 fxe4 21. Qxe4
Bf5 22. Qe1 e4 23. Nd4 Bg6 24. c5 Kh7 25. Nc2 Qf7 26. Ne3 h4 27. Bc4 Qe7 28.
gxh4 gxh4 29. Qe2 Rf4 30. Rd6 Raf8 31. Rcd1 Qg5 32. Rf1 h3 33. g4 Be5 34. Rd7+
Kh8 35. Be6 Rf3 36. Rfd1 Qf4 37. Nf1 Rxf2 38. Qc4 Rxf1+ 0-1

[Event "Top 16 Port Marly"]
[Site "Le Port Marly"]
[Date "2009.05.30"]
[Round "10.6"]
[White "Di Paolo, Raffaele"]
[Black "Lamorelle, Yves"]
[Result "1-0"]
[WhiteElo "2339"]
[BlackElo "2201"]
[PlyCount "81"]
[EventDate "30.??.??"]
[WhiteTeam "Grasse"]
[BlackTeam "Lutèce Echecs"]

1. e4 e5 2. Nf3 Nc6 3. Bb5 a6 4. Ba4 Nf6 5. O-O Be7 6. Re1 b5 7. Bb3 O-O 8. a4
Bb7 9. d3 d6 10. c3 h6 11. Nbd2 d5 12. axb5 axb5 13. Rxa8 Bxa8 14. Qe2 Bc5 15.
h3 d4 16. c4 b4 17. Ba4 Nd7 18. Nf1 Bd6 19. Ng3 Nc5 20. Bd1 Ne6 21. Nf5 Nf4 22.
Qf1 Ng6 23. Nh2 Nce7 24. Ng3 f5 25. exf5 Nxf5 26. Ne4 Bxe4 27. dxe4 Ne3 28.
Bxe3 dxe3 29. Rxe3 Bc5 30. Rf3 Nf4 31. g3 Nxh3+ 32. Qxh3 Qxd1+ 33. Kg2 Ra8 34.
Qe6+ Kh8 35. Qc6 Ra5 36. Qxc7 Qe1 37. Qc8+ Kh7 38. Qf5+ Kh8 39. Qxe5 Qc1 40.
Qc7 Qa1 41. Rf5 1-0

[Event "Top 16 Port Marly"]
[Site "Le Port Marly"]
[Date "2009.05.30"]
[Round "10.7"]
[White "Wunderman, Xavier"]
[Black "Henneteau, Jeremy"]
[Result "1-0"]
[WhiteElo "2215"]
[BlackElo "2075"]
[PlyCount "103"]
[EventDate "30.??.??"]
[WhiteTeam "Lutèce Echecs"]
[BlackTeam "Grasse"]

1. e4 d5 2. exd5 Qxd5 3. Nf3 Nf6 4. d4 Bg4 5. Be2 e6 6. O-O c6 7. Bf4 Nbd7 8.
h3 Bh5 9. c4 Qa5 10. Nc3 Be7 11. a3 O-O 12. Qd2 Qb6 13. Be3 Qc7 14. Rfd1 Rfd8
15. Rac1 Nc5 16. Bf4 Qc8 17. Qe3 Nb3 18. Rc2 Bg6 19. Bd3 Bxd3 20. Rxd3 Na5 21.
Ne4 b6 22. Bg5 Nxe4 23. Bxe7 Rd7 24. Qxe4 Rxe7 25. Ng5 f5 26. Qh4 h6 27. Nf3
Qc7 28. b4 Nb7 29. Re2 Rae8 30. Ne5 Nd6 31. Rde3 Ne4 32. Qh5 c5 33. Ng6 Rf7 34.
bxc5 bxc5 35. dxc5 Rb8 36. Re1 Rb2 37. Rd1 Nxc5 38. Ne5 Re7 39. Qg6 Rb8 40. f4
Ne4 41. Red3 Qb6+ 42. Kh2 Rbe8 43. Rd7 Nf6 44. R7d4 Qc7 45. a4 Qb6 46. a5 Qc7
47. R1d3 Qc5 48. Rd8 Qf2 49. R3d4 Qh4 50. g3 Qh5 51. Qxh5 Nxh5 52. Nc6 1-0

[Event "Top 16 Port Marly"]
[Site "Le Port Marly"]
[Date "2009.05.30"]
[Round "10.8"]
[White "Forestier, Carole"]
[Black "Dacalor, Aurelie"]
[Result "1-0"]
[WhiteElo "2099"]
[BlackElo "2038"]
[PlyCount "81"]
[EventDate "30.??.??"]
[WhiteTeam "Grasse"]
[BlackTeam "Lutèce Echecs"]

1. d4 Nf6 2. c4 d6 3. Nc3 Nbd7 4. e4 e5 5. Nf3 a5 6. Be2 c6 7. O-O Qe7 8. Qc2
g6 9. a3 Bg7 10. Bg5 h6 11. Be3 Ng4 12. b4 Nxe3 13. fxe3 O-O 14. c5 h5 15. Bc4
dxc5 16. bxc5 Kh7 17. Qb3 b6 18. Nd2 Bh6 19. Ncb1 a4 20. Qc3 Rb8 21. Be2 b5 22.
Ra2 Ba6 23. Re1 Rbd8 24. Bf3 Bb7 25. Nf1 Rfe8 26. Rc2 Nf8 27. d5 cxd5 28. c6
dxe4 29. Bxe4 Bc8 30. Qa5 f5 31. c7 Rd6 32. Bc6 Rxc6 33. Rxc6 Bb7 34. Rc2 Qd7
35. Rec1 Qd5 36. Rd2 Qe4 37. Re2 Qg4 38. Qxb5 Be4 39. c8=Q Rxc8 40. Rxc8 Bxb1
41. Rc7+ 1-0

[Event "Top 16 Port Marly"]
[Site "Le Port Marly"]
[Date "2009.05.30"]
[Round "10.3"]
[White "Le Roy, Brice"]
[Black "Damljanovic, Branko"]
[Result "0-1"]
[WhiteElo "2307"]
[BlackElo "2573"]
[PlyCount "58"]
[EventDate "30.??.??"]
[WhiteTeam "Bois-Colombes"]
[BlackTeam "Antibes"]

1. e4 c5 2. Nf3 e6 3. Qe2 Nc6 4. g3 g6 5. h4 h6 6. Bg2 Bg7 7. d3 d6 8. c3 Nge7
9. Nbd2 e5 10. Nf1 f5 11. h5 g5 12. exf5 Nxf5 13. g4 Nfe7 14. Nxg5 hxg5 15.
Bxg5 Rf8 16. Ng3 d5 17. h6 Bh8 18. h7 Be6 19. Nh5 Qd6 20. Nf6+ Rxf6 21. Bxf6
Bxf6 22. h8=Q+ Bxh8 23. Rxh8+ Bg8 24. O-O-O O-O-O 25. g5 Ng6 26. Rh6 Nf4 27.
Bh3+ Kb8 28. Qe3 Qe7 29. d4 Qxg5 0-1

[Event "Top 16 Port Marly"]
[Site "Le Port Marly"]
[Date "2009.05.30"]
[Round "10.4"]
[White "Miralles, Gilles"]
[Black "Landenbergue, Claude"]
[Result "1-0"]
[WhiteElo "2477"]
[BlackElo "2410"]
[PlyCount "39"]
[EventDate "30.??.??"]
[WhiteTeam "Antibes"]
[BlackTeam "Bois-Colombes"]

1. e4 c5 2. Nf3 Nc6 3. d4 cxd4 4. Nxd4 Qb6 5. Nb3 Nf6 6. Nc3 e6 7. g3 a6 8. Bg2
d6 9. O-O Be7 10. a4 Qc7 11. a5 Nd7 12. Be3 b5 13. axb6 Nxb6 14. Nb5 axb5 15.
Bxb6 Qb8 16. Rxa8 Qxa8 17. Bc7 e5 18. Bxd6 Be6 19. Nc5 Bc4 20. Bxe7 1-0

[Event "Top 16 Port Marly"]
[Site "Le Port Marly"]
[Date "30.05.30"]
[Round "10.6"]
[White "Bijaoui, Manuel"]
[Black "Bernard, Vincent"]
[Result "1/2-1/2"]
[WhiteElo "2409"]
[BlackElo "2191"]
[PlyCount "74"]
[EventDate "30.??.??"]
[WhiteTeam "Antibes"]
[BlackTeam "Bois-Colombes"]

1. e4 c6 2. d4 d5 3. Nd2 dxe4 4. Nxe4 Bf5 5. Ng3 Bg6 6. Bc4 Nf6 7. Nf3 e6 8.
O-O Nbd7 9. Qe2 Be7 10. Rd1 O-O 11. Ne5 Nxe5 12. dxe5 Nd5 13. Bb3 Qc7 14. c4
Nb6 15. Bd2 Nd7 16. Bc3 Rfd8 17. f4 Nc5 18. Bc2 Bxc2 19. Qxc2 a5 20. f5 exf5
21. Nxf5 Bf8 22. Rf1 g6 23. Nd6 Bxd6 24. exd6 Qxd6 25. Rad1 Qe7 26. Rde1 Qd6
27. Be5 Qf8 28. Re3 Rd7 29. Bf6 Re8 30. Qe2 Rxe3 31. Qxe3 Ne6 32. Re1 Qd6 33.
Bc3 a4 34. h3 Rd8 35. Kh1 Qf4 36. Qb6 Rd3 37. Qxb7 Rxh3+ 1/2-1/2

[Event "Top 16 Port Marly"]
[Site "Le Port Marly"]
[Date "2009.05.30"]
[Round "10.7"]
[White "Frih, Ameur"]
[Black "Perez, Flavio"]
[Result "1/2-1/2"]
[WhiteElo "2088"]
[BlackElo "2275"]
[PlyCount "139"]
[EventDate "30.??.??"]
[WhiteTeam "Bois-Colombes"]
[BlackTeam "Antibes"]

1. d4 g6 2. g3 Bg7 3. Bg2 d6 4. e4 Nd7 5. Ne2 e5 6. O-O Ngf6 7. Nbc3 O-O 8. h3
c6 9. Be3 Re8 10. g4 exd4 11. Bxd4 Nc5 12. e5 Nd5 13. Nxd5 cxd5 14. exd6 Bxd4
15. Nxd4 Qxd6 16. Qd2 Ne4 17. Qh6 Qb4 18. Nb3 a5 19. c3 Qb6 20. Rab1 Re6 21.
Nd4 Rf6 22. Bxe4 dxe4 23. Rfe1 Be6 24. Rxe4 Bf5 25. g5 Bxe4 26. gxf6 Qxf6 27.
Re1 Bd5 28. a3 a4 29. Qe3 h5 30. Qe5 Qxe5 31. Rxe5 Rd8 32. h4 Kf8 33. Rg5 Ke7
34. Re5+ Kf8 35. Kh2 f6 36. Re3 Kf7 37. Kg3 Rd6 38. f4 Bc4 39. Rf3 Rd8 40. Re3
Rd6 41. Rf3 Rd5 42. Rf2 Rd7 43. Rd2 Re7 44. Nf3 Bb5 45. Nd4 Bc4 46. Nc2 Bb3 47.
Nd4 Re3+ 48. Kf2 Rh3 49. Nxb3 axb3 50. Rd7+ Ke6 51. Rxb7 Rh2+ 52. Kf3 Rxb2 53.
Rb5 Rb1 54. a4 b2 55. Kg2 Rc1 56. Rxb2 Rxc3 57. Ra2 Kf5 58. a5 Kxf4 59. a6 Rc8
60. a7 Ra8 61. Ra5 Kg4 62. Ra4+ Kf5 63. Ra6 g5 64. hxg5 Kxg5 65. Kg3 f5 66. Ra5
h4+ 67. Kf3 h3 68. Kg3 h2 69. Kxh2 Kf4 70. Kg2 1/2-1/2

[Event "Top 16 Port Marly"]
[Site "Le Port Marly"]
[Date "2009.05.31"]
[Round "11.1"]
[White "Riazantsev, Alexander"]
[Black "Delchev, Aleksander"]
[Result "1-0"]
[WhiteElo "2635"]
[BlackElo "2648"]
[Annotator ",Jordi"]
[PlyCount "48"]
[EventDate "2009.??.??"]
[WhiteTeam "Metz Fischer"]
[BlackTeam "Marseille Echecs"]

1. d4 Nf6 2. c4 g6 3. Nc3 d5 4. Qb3 dxc4 5. Qxc4 Bg7 6. e4 O-O 7. Be2 Nc6 8.
Nf3 Bg4 9. Be3 Bxf3 10. Bxf3 e5 11. d5 Nd4 12. Ne2 Nxf3+ 13. gxf3 Ne8 14. h4
Nd6 15. Qd3 h5 16. O-O-O Qd7 17. Kb1 f5 18. Ng1 Kh7 19. Nh3 f4 20. Bd2 Bh6 21.
Rc1 Ne8 22. Qb3 b6 23. Ng1 a5 24. Re1 Bg7 {Illisible. 1-0 82 coups} 1-0

[Event "Top 16 Port Marly"]
[Site "Le Port Marly"]
[Date "2009.05.31"]
[Round "11.5"]
[White "Koch, Jean-Rene"]
[Black "Marzolo, Cyril"]
[Result "1/2-1/2"]
[WhiteElo "2453"]
[BlackElo "2476"]
[PlyCount "120"]
[EventDate "2009.??.??"]
[WhiteTeam "Metz Fischer"]
[BlackTeam "Marseille Echecs"]

1. e4 e6 2. d3 d5 3. Nd2 Nf6 4. Ngf3 Nc6 5. g3 e5 6. Bg2 g6 7. O-O Bg7 8. c3 a5
9. Qc2 O-O 10. b3 b6 11. Rd1 Ba6 12. Nf1 Qd7 13. Bg5 d4 14. Rac1 Bb7 15. cxd4
exd4 16. a3 Rfc8 17. Qb2 h6 18. Bf4 Ne8 19. h4 Rd8 20. N1d2 Qe7 21. Nc4 Nf6 22.
Rc2 Nh5 23. Bc1 b5 24. Ncd2 Nf6 25. Nf1 Nb8 26. Bf4 c5 27. Qc1 Nbd7 28. Bxh6
Bxh6 29. Qxh6 a4 30. Rb1 axb3 31. Rxb3 c4 32. Rxb5 cxd3 33. Rc1 Bxe4 34. Re1
Qf8 35. Qf4 Bc6 36. Rb4 Nd5 37. Qxd4 Nxb4 38. axb4 Rab8 39. Rb1 Nb6 40. Qg4 Bd7
41. Qg5 Bf5 42. g4 f6 43. Qf4 Nd5 44. Qd4 Be6 45. Qxd3 Nf4 46. Qe4 Qd6 47. Ne3
Re8 48. Rd1 Qc7 49. Qb1 Bf7 50. Bf1 Qb7 51. Nd4 Qxb4 52. Qxb4 Rxb4 53. Ne2 Ne6
54. Kg2 Nc5 55. Ng3 Rxe3 56. fxe3 Rxg4 57. Rd4 Rxd4 58. exd4 Nb3 59. Ne2 Bc4
60. Nf4 Bxf1+ 1/2-1/2

[Event "Top 16 Port Marly"]
[Site "Le Port Marly"]
[Date "2009.05.31"]
[Round "11.8"]
[White "Delorme, Laurie"]
[Black "Leclair, Marie"]
[Result "1/2-1/2"]
[WhiteElo "2177"]
[BlackElo "1987"]
[PlyCount "60"]
[EventDate "2009.??.??"]
[WhiteTeam "Marseille Echecs"]
[BlackTeam "Metz Fischer"]

1. d4 d5 2. c4 e6 3. Nf3 c5 4. cxd5 exd5 5. Nc3 Nc6 6. g3 c4 7. Bg2 Bb4 8. O-O
Nge7 9. e4 dxe4 10. Nxe4 Bg4 11. a3 Ba5 12. Bf4 O-O 13. Nd6 Nd5 14. Nxb7 Qb6
15. Nxa5 Nxa5 16. Be3 Qxb2 17. Qe1 Qb5 18. a4 Qa6 19. Nd2 Be6 20. Ne4 Nb3 21.
Ra2 Rac8 22. Ng5 h6 23. Nxe6 Qxe6 24. Rc2 Rfe8 25. Bxd5 Qxd5 26. Qc3 Red8 27.
Rd1 Qf3 28. Rb1 Qd5 29. Rd1 Qf3 30. Rb1 Qd5 1/2-1/2

[Event "Top 16 Port Marly"]
[Site "Le Port Marly"]
[Date "2009.05.31"]
[Round "11.1"]
[White "Vaisser, Anatoly"]
[Black "Komarov, Dimitri"]
[Result "1/2-1/2"]
[WhiteElo "2513"]
[BlackElo "2530"]
[PlyCount "24"]
[EventDate "31.??.??"]
[WhiteTeam "Strasbourg"]
[BlackTeam "Drancy"]

1. d4 Nf6 2. Nf3 e6 3. e3 b6 4. Bd3 Bb7 5. O-O d5 6. b3 Nbd7 7. Bb2 Bd6 8. Ne5
O-O 9. Nd2 Ne4 10. Nxd7 Qxd7 11. f3 Nxd2 12. Qxd2 f5 1/2-1/2

[Event "Top 16 Port Marly"]
[Site "Le Port Marly"]
[Date "2009.05.31"]
[Round "11.3"]
[White "Doettling, Fabian"]
[Black "Lazarev, Vladimir"]
[Result "1/2-1/2"]
[WhiteElo "2564"]
[BlackElo "2479"]
[PlyCount "26"]
[EventDate "31.??.??"]
[WhiteTeam "Strasbourg"]
[BlackTeam "Drancy"]

1. d4 Nf6 2. Nf3 d5 3. c4 e6 4. Nc3 Bb4 5. Bg5 h6 6. Bxf6 Qxf6 7. e3 O-O 8. Rc1
dxc4 9. Bxc4 c5 10. O-O cxd4 11. Nxd4 Bd7 12. Qb3 Nc6 13. Nxc6 Bxc3 1/2-1/2

[Event "Top 16 Port Marly"]
[Site "Le Port Marly"]
[Date "2009.05.31"]
[Round "11.5"]
[White "Roos, Daniel"]
[Black "Berthelot, Yannick"]
[Result "1-0"]
[WhiteElo "2425"]
[BlackElo "2324"]
[PlyCount "145"]
[EventDate "2009.??.??"]
[WhiteTeam "Strasbourg"]
[BlackTeam "Drancy"]

1. Nf3 c5 2. g3 Nc6 3. Bg2 e5 4. d3 g6 5. c4 Bg7 6. Nc3 Nge7 7. O-O O-O 8. Ne1
d6 9. Nc2 Be6 10. Bd2 d5 11. cxd5 Nxd5 12. Ne4 b6 13. Ng5 Bc8 14. a3 a5 15. Rc1
h6 16. Ne4 Be6 17. Nc3 Rb8 18. Re1 Nde7 19. Rb1 Bb3 20. Qc1 Kh7 21. Na1 Be6 22.
b3 Qd7 23. Qd1 Rfd8 24. Nc2 f5 25. Nb5 Nd4 26. Ncxd4 cxd4 27. a4 Nd5 28. Na3
Nc3 29. Bxc3 dxc3 30. Qc2 Qd6 31. Nb5 Qc5 32. Qxc3 Qxc3 33. Nxc3 e4 34. Nb5
exd3 35. exd3 Bg8 36. Red1 Rbc8 37. d4 Bd5 38. Bxd5 Rxd5 39. Kg2 Rcd8 40. Rbc1
h5 41. Rc6 Bxd4 42. Nxd4 Rxd4 43. Rxd4 Rxd4 44. Rxb6 h4 45. gxh4 Kh6 46. Rb5
Rd3 47. f3 Rc3 48. Kg3 Rd3 49. Rb8 Rc3 50. Kf4 Rd3 51. Rh8+ Kg7 52. Ra8 Kh6 53.
Rxa5 Rxb3 54. Ra8 Rb4+ 55. Kg3 Rc4 56. a5 Ra4 57. a6 Kg7 58. a7 Kh7 59. Kf2 Kg7
60. Ke3 Kh7 61. Kd3 Kg7 62. Kc3 Ra1 63. Kb4 Ra2 64. Kc5 Ra1 65. Kd6 Ra2 66. Ke5
Ra1 67. Kf4 Ra2 68. h5 gxh5 69. Kxf5 Ra5+ 70. Kf4 Kh7 71. Kg3 Kg7 72. f4 Kh7
73. f5 1-0

[Event "Top 16 Port Marly"]
[Site "Le Port Marly"]
[Date "2009.05.31"]
[Round "11.7"]
[White "Roos, Louis"]
[Black "Karr, Jean-Philippe"]
[Result "1/2-1/2"]
[WhiteElo "2350"]
[BlackElo "2388"]
[PlyCount "72"]
[EventDate "2009.??.??"]
[WhiteTeam "Strasbourg"]
[BlackTeam "Drancy"]

1. d4 Nf6 2. Nf3 g6 3. h3 Bg7 4. Nc3 d5 5. Bf4 O-O 6. e3 c5 7. Bd3 b6 8. O-O
Bb7 9. Re1 Ne4 10. Bxe4 dxe4 11. Ng5 cxd4 12. exd4 Qxd4 13. Qxd4 Bxd4 14. Nb5
Nc6 15. c3 Bg7 16. Nxe4 Rad8 17. Bc7 Rd5 18. a4 h6 19. Rad1 Rxd1 20. Rxd1 a6
21. Na3 Ne5 22. f3 Bc6 23. b3 b5 24. axb5 axb5 25. Nc2 Bxe4 26. fxe4 Nc6 27.
Nd4 Nxd4 28. cxd4 Rc8 29. Ba5 Rc2 30. Bb4 Kf8 31. e5 f6 32. e6 f5 33. d5 Be5
34. d6 exd6 35. Bxd6+ Bxd6 36. Rxd6 Rb2 1/2-1/2